1429 1998 1631 1731 1836 1614 1582 1489 1237 1965 1268 1053 1723 1790 1683 1279 1403 1721 1516 1142 1490 1551 1353 1839 1973 1194 1024 1449 1331 1085 1197 1126 1641 1634 1299 1509 1533 1862 1100 1476 1503 1313 1920 1275 2000 1263 1726 1798 1237 1524 1207 1325 1093 1626 1887 1266 1773 1918 1340 1942 1554 1537 1595 1647 1766 1368 1205 1714 1881 1492 1441 1156 1337 1906 1267 1017 1052 1100 1890 1479 1919 1629 1541 1422 1682 1188 1672 1337 1420 1687 1090 1508 1260 1790 1356 1805 1117 1398 1776 BCNSPRNW ULIB Ver.6.0+V

เปลี่ยนเป็นภาษาไทย

Change to English
 แสดงรายละเอียดบรรณานุกรม
  กลับหน้าหลัก

Brief Record : Get Marc (ISO 2709) : E-mail record : QR code < ปิดหน้าต่าง
LEADER : 00000nam 2200000uu 4500
001    13399121784
003     ULIB
008    020711s2550 th a 000 0 tha d
020    9748317986
020    9789748317984
060  4 WB50.JC6^bภ494ก
100    ภาสกิจ(วิทวัส) วัณนาวิบูล
245    กินอยู่อย่างสมดุลตามหลักแพทย์จีน /^cภาสกิจ(วิทวัส) วัณนาวิบูล
250    พิมพ์ครั้งที่ 5
260    กรุงเทพฯ :^bหมอชาวบ้าน,^c2550
300    98 หน้า
650    การแพทย์แผนโบราณ^xจีน
945    ^p75^l0^i15729
999    ^aทศพร เกษรทอง
รายการนี้ยังไม่มีแท็ก
คุณยังไม่ได้ล็อกอิน คุณสามารถมีกิจกรรมร่วมกับเว็บไซต์ได้ แต่ต้องล็อกอินก่อน ::
  ล็อกอิน

รายการสื่อสารสนเทศ

ลำดับที่ ประเภท เลขเรียก/บาร์โค้ด สถานที่ สถานะ
- ไม่พบข้อมูล -

รายการใกล้เคียง
    ผู้แต่ง [ภาสกิจ(วิทวัส) วัณนาวิบูล]

BibComment


ยังไม่เคยถูกคอมเมนท์

คอมเมนท์ทรัพยากรรายการนี้
  คอมเมนท์: กินอยู่อย่างสมดุล..


 Copyright 2026. Bcnsprnw @Library